000 00468nam a2200181Ia 4500
001 8145
005 20260306160547.0
008 260306t2009||||xx |||||||||||||| ||spa||
041 _aESP
082 _a370.114
_bL88
100 _aLópez Quintás, Alfonso
_eAUT
245 0 _aDescubrir la grandeza de la vida:
_bUna vía de ascenso a la madurez personal
260 _c2009
300 _a256 p
_c21 cm.
650 _aGEN
654 _aCED
942 _cLIB
_dJUS
_fJUS
_2ddc
_n
999 _c8145
_d8145